000 00474nam a2200157Ia 4500
008 240729s9999 xx 000 0 und d
022 _a2091-0878
245 0 _aInternational Journal of Occupational Safety and Health
260 _aNepal
260 _bOccupational Health and Safety Society of Nepal
650 _a Public aspects of medicine
650 _aMedicine
856 _uhttps://doaj.org/toc/1a01ce819c274020938084d6644a4ffc
942 _2ddc
942 _cDOAJEJ
999 _c72945
_d72945
945 _a1
_bMadushi Gamage
_c1
_dMadushi Gamage